[Event "DVM U20 2023"]
[Site "Magdeburg GER"]
[Date "2023.12.28"]
[Round "3"]
[White "Barz, Henrik"]
[Black "Helmbrecht, Paul"]
[Result "0-1"]
[Termination "normal"]
[Board "6.4"]
[WhiteElo "1539"]
[BlackElo "1712"]
[WhiteTeam "ESV Gera"]
[BlackTeam "FC Ergolding 1932"]
[PlyCount "60"]
[WhiteFideId "34628320"]
[BlackFideId "16270932"]
[EventCountry "GER"]
[EventRounds "7"]
[EventType "team-swiss"]
[EventDate "2023.12.26"]

1. e4 c6 {[%emt 00:00:05]} 2. d4 {[%emt 00:00:03]} d5 {[%emt 00:00:04]} 3. e5
{[%emt 00:00:05]} Bf5 {[%emt 00:00:04]} 4. Nf3 {[%emt 00:00:06]} e6 {[%emt
00:00:04]} 5. Be2 {[%emt 00:00:04]} c5 {[%emt 00:00:17]} 6. O-O {[%emt
00:00:27]} Nc6 {[%emt 00:00:10]} 7. c3 {[%emt 00:00:22]} Nge7 {[%emt 00:00:26]}
8. dxc5 {[%emt 00:01:33]} Ng6 {[%emt 00:04:40]} 9. b4 {[%emt 00:00:18]} Ngxe5
{[%emt 00:00:54]} 10. Nd4 {[%emt 00:00:10]} Nxd4 {[%emt 00:01:30]} 11. cxd4
{[%emt 00:00:07]} Nd7 {[%emt 00:00:12]} 12. Nc3 {[%emt 00:00:30]} a5 {[%emt
00:09:10]} 13. b5 {[%emt 00:01:44]} Be7 {[%emt 00:01:16]} 14. Be3 {[%emt
00:05:33]} h5 {[%emt 00:13:00]} 15. Bd3 {[%emt 00:05:22]} Bxd3 {[%emt
00:14:13]} 16. Qxd3 {[%emt 00:00:18]} b6 {[%emt 00:05:47]} 17. c6 {[%emt
00:01:45]} Nf6 {[%emt 00:00:05]} 18. a4 {[%emt 00:10:38]} Qc7 {[%emt 00:00:55]}
19. f4 {[%emt 00:05:52]} Bd6 {[%emt 00:01:50]} 20. g3 {[%emt 00:09:05]} h4
{[%emt 00:00:22]} 21. Kf2 {[%emt 00:00:59]} Ng4+ {[%emt 00:03:03]} 22. Kg2
{[%emt 00:01:50]} O-O-O {[%emt 00:01:15]} 23. Rh1 {[%emt 00:00:27]} g5 {[%emt
00:00:57]} 24. Raf1 {[%emt 00:01:30]} Rdg8 {[%emt 00:00:45]} 25. Bd2 {[%emt
00:03:20]} gxf4 {[%emt 00:00:42]} 26. Bxf4 {[%emt 00:00:46]} Bxf4 {[%emt
00:00:05]} 27. Rxf4 {[%emt 00:00:07]} Qxf4 {[%emt 00:00:05]} 28. gxf4 {[%emt
00:01:36]} Ne5+ {[%emt 00:00:06]} 29. Kf2 {[%emt 00:00:25]} Nxd3+ {[%emt
00:00:07]} 30. Ke3 {[%emt 00:00:07]} Nb2 {[%emt 00:01:23]} 0-1

[Event "DVM U20 2023"]
[Site "Magdeburg GER"]
[Date "2023.12.28"]
[Round "3"]
[White "Lichtinger, Simon"]
[Black "Hanmuradov, Ülwi"]
[Result "1-0"]
[Termination "normal"]
[Board "6.5"]
[WhiteElo "1709"]
[BlackElo "1867"]
[WhiteClock "00:14:57"]
[BlackClock "00:12:46"]
[WhiteTeam "FC Ergolding 1932"]
[BlackTeam "ESV Gera"]
[PlyCount "105"]
[WhiteFideId "16230442"]
[BlackFideId "34658840"]
[EventCountry "GER"]
[EventRounds "7"]
[EventType "team-swiss"]
[EventDate "2023.12.26"]

1. d4 {[%clk 01:30:51]} {[%emt 00:00:09]} d5 {[%clk 01:30:54]} {[%emt
00:00:06]} 2. Nc3 {[%clk 01:31:19]} {[%emt 00:00:02]} Nf6 {[%clk 01:31:17]}
{[%emt 00:00:08]} 3. Bf4 {[%clk 01:31:43]} {[%emt 00:00:05]} e6 {[%clk
01:31:43]} {[%emt 00:00:05]} 4. e3 {[%clk 01:32:08]} {[%emt 00:00:06]} Bb4
{[%clk 01:32:09]} {[%emt 00:00:03]} 5. h4 {[%clk 01:32:17]} {[%emt 00:00:22]}
O-O {[%clk 01:31:33]} {[%emt 00:01:05]} 6. h5 {[%clk 01:32:42]} {[%emt
00:00:06]} h6 {[%clk 01:31:53]} {[%emt 00:00:10]} 7. Qf3 {[%clk 01:32:44]}
{[%emt 00:00:28]} Ne4 {[%clk 01:32:00]} {[%emt 00:00:23]} 8. Nge2 {[%clk
01:30:52]} {[%emt 00:02:22]} c5 {[%clk 01:32:12]} {[%emt 00:00:19]} 9. O-O-O
{[%clk 01:12:15]} {[%emt 00:19:07]} Nxc3 {[%clk 01:31:21]} {[%emt 00:01:22]}
10. Nxc3 {[%clk 01:09:25]} {[%emt 00:03:18]} Bxc3 {[%clk 01:31:08]} {[%emt
00:00:44]} 11. Qg3 {[%clk 01:08:07]} {[%emt 00:01:46]} Kh8 {[%clk 01:25:21]}
{[%emt 00:06:17]} 12. Bc7 {[%clk 01:05:01]} {[%emt 00:03:37]} Qe8 {[%clk
01:18:18]} {[%emt 00:07:32]} 13. Bxb8 {[%clk 01:03:48]} {[%emt 00:01:44]} Ba5
{[%clk 01:15:17]} {[%emt 00:03:30]} 14. dxc5 {[%clk 00:44:09]} {[%emt
00:20:09]} Bd7 {[%clk 01:09:59]} {[%emt 00:05:48]} 15. Bd6 {[%clk 00:38:04]}
{[%emt 00:06:34]} Rg8 {[%clk 01:09:30]} {[%emt 00:00:59]} 16. Rh4 {[%clk
00:35:46]} {[%emt 00:02:48]} Bd8 {[%clk 01:05:40]} {[%emt 00:04:20]} 17. Rhd4
{[%clk 00:30:44]} {[%emt 00:05:31]} Bf6 {[%clk 01:02:49]} {[%emt 00:03:23]} 18.
Be5 {[%clk 00:29:49]} {[%emt 00:01:25]} Bxe5 {[%clk 01:00:50]} {[%emt
00:02:29]} 19. Qxe5 {[%clk 00:30:16]} {[%emt 00:00:02]} Rc8 {[%clk 01:00:30]}
{[%emt 00:00:49]} 20. e4 {[%clk 00:24:22]} {[%emt 00:06:25]} f6 {[%clk
00:55:11]} {[%emt 00:05:50]} 21. Qh2 {[%clk 00:20:20]} {[%emt 00:04:31]} Rxc5
{[%clk 00:51:49]} {[%emt 00:03:53]} 22. Kb1 {[%clk 00:14:50]} {[%emt 00:06:00]}
Bb5 {[%clk 00:43:12]} {[%emt 00:09:06]} 23. Qd6 {[%clk 00:10:42]} {[%emt
00:04:37]} Rc6 {[%clk 00:43:02]} {[%emt 00:00:42]} 24. Bxb5 {[%clk 00:10:50]}
{[%emt 00:00:22]} Rxd6 {[%clk 00:43:27]} {[%emt 00:00:05]} 25. Bxe8 {[%clk
00:11:04]} {[%emt 00:00:15]} Rxe8 {[%clk 00:43:50]} {[%emt 00:00:07]} 26. exd5
{[%clk 00:10:45]} {[%emt 00:00:49]} exd5 {[%clk 00:43:27]} {[%emt 00:00:54]}
27. c4 {[%clk 00:08:10]} {[%emt 00:03:04]} Re2 {[%clk 00:25:01]} {[%emt
00:18:55]} 28. R4d2 {[%clk 00:08:33]} {[%emt 00:00:07]} Rxd2 {[%clk 00:24:41]}
{[%emt 00:00:51]} 29. Rxd2 {[%clk 00:09:00]} {[%emt 00:00:03]} d4 {[%clk
00:17:30]} {[%emt 00:07:42]} 30. g4 {[%clk 00:09:27]} {[%emt 00:00:02]} Kg8
{[%clk 00:13:52]} {[%emt 00:04:08]} 31. Kc2 {[%clk 00:09:29]} {[%emt 00:00:28]}
Kf7 {[%clk 00:14:00]} {[%emt 00:00:22]} 32. Kd3 {[%clk 00:09:38]} {[%emt
00:00:21]} f5 {[%clk 00:10:52]} {[%emt 00:03:39]} 33. gxf5 {[%clk 00:04:09]}
{[%emt 00:05:58]} Kf6 {[%clk 00:11:15]} {[%emt 00:00:07]} 34. Ke4 {[%clk
00:03:30]} {[%emt 00:01:09]} Kg5 {[%clk 00:11:02]} {[%emt 00:00:43]} 35. f4+
{[%clk 00:02:19]} {[%emt 00:01:41]} Kf6 {[%clk 00:03:38]} {[%emt 00:07:55]} 36.
Rg2 {[%clk 00:02:47]} {[%emt 00:00:01]} Rd8 {[%clk 00:02:57]} {[%emt 00:01:12]}
37. Rg6+ {[%clk 00:02:55]} {[%emt 00:00:22]} Kf7 {[%clk 00:03:18]} {[%emt
00:00:08]} 38. Kd3 {[%clk 00:03:22]} {[%emt 00:00:05]} b6 {[%clk 00:00:38]}
{[%emt 00:03:09]} 39. Re6 {[%clk 00:02:58]} {[%emt 00:00:54]} Rd7 {[%clk
00:00:38]} {[%emt 00:00:29]} 40. Re5 {[%clk 00:03:01]} {[%emt 00:00:27]} Kf6
{[%clk 00:00:32]} {[%emt 00:00:35]} 41. Rd5 {[%clk 00:02:54]} {[%emt 00:00:39]}
Re7 {[%clk 00:00:31]} {[%emt 00:00:31]} 42. b4 {[%clk 00:27:23]} {[%emt
00:06:00]} Re1 {[%clk 00:27:42]} {[%emt 00:03:19]} 43. c5 {[%clk 00:26:36]}
{[%emt 00:01:17]} bxc5 {[%clk 00:22:31]} {[%emt 00:05:41]} 44. bxc5 {[%clk
00:19:35]} {[%emt 00:07:31]} Ra1 {[%clk 00:14:44]} {[%emt 00:08:17]} 45. Rxd4
{[%clk 00:18:08]} {[%emt 00:01:58]} Rc1 {[%clk 00:12:08]} {[%emt 00:03:06]} 46.
Rc4 {[%clk 00:17:14]} {[%emt 00:01:24]} Rd1+ {[%clk 00:12:33]} {[%emt
00:00:05]} 47. Ke4 {[%clk 00:17:15]} {[%emt 00:00:29]} Rd8 {[%clk 00:12:52]}
{[%emt 00:00:10]} 48. c6 {[%clk 00:17:14]} {[%emt 00:00:32]} Rc8 {[%clk
00:12:40]} {[%emt 00:00:42]} 49. c7 {[%clk 00:16:01]} {[%emt 00:01:42]} Ke7
{[%clk 00:12:45]} {[%emt 00:00:25]} 50. Kd5 {[%clk 00:16:08]} {[%emt 00:00:24]}
Kd7 {[%clk 00:13:02]} {[%emt 00:00:13]} 51. Rc6 {[%clk 00:15:46]} {[%emt
00:00:51]} a5 {[%clk 00:12:38]} {[%emt 00:00:55]} 52. Rd6+ {[%clk 00:14:59]}
{[%emt 00:01:16]} Ke7 {[%clk 00:12:46]} {[%emt 00:00:21]} 53. Kc6 {[%clk
00:14:57]} {[%emt 00:00:32]} 1-0

[Event "DVM U20 2023"]
[Site "Magdeburg GER"]
[Date "2023.12.28"]
[Round "3"]
[White "Frank, Marian"]
[Black "Karlinger De la Quintana, Ainhoa"]
[Result "1/2-1/2"]
[Termination "normal"]
[Board "6.6"]
[WhiteElo "1503"]
[BlackElo "1348"]
[WhiteClock "00:00:34"]
[BlackClock "00:01:35"]
[WhiteTeam "ESV Gera"]
[BlackTeam "FC Ergolding 1932"]
[PlyCount "128"]
[WhiteFideId "16245059"]
[BlackFideId "16217268"]
[EventCountry "GER"]
[EventRounds "7"]
[EventType "team-swiss"]
[EventDate "2023.12.26"]

1. d4 {[%clk 01:30:55]} {[%emt 00:00:04]} e6 {[%clk 01:30:13]} {[%emt
00:00:48]} 2. Nf3 {[%clk 01:31:06]} {[%emt 00:00:19]} Nf6 {[%clk 01:29:42]}
{[%emt 00:01:01]} 3. c4 {[%clk 01:31:23]} {[%emt 00:00:13]} d5 {[%clk
01:28:52]} {[%emt 00:01:19]} 4. Nc3 {[%clk 01:31:29]} {[%emt 00:00:24]} Be7
{[%clk 01:28:50]} {[%emt 00:00:32]} 5. e3 {[%clk 01:31:40]} {[%emt 00:00:19]}
O-O {[%clk 01:28:44]} {[%emt 00:00:36]} 6. Bd3 {[%clk 01:31:07]} {[%emt
00:01:03]} c5 {[%clk 01:26:11]} {[%emt 00:03:04]} 7. O-O {[%clk 01:30:14]}
{[%emt 00:01:23]} Nc6 {[%clk 01:25:15]} {[%emt 00:01:25]} 8. b3 {[%clk
01:24:41]} {[%emt 00:06:03]} dxc4 {[%clk 01:19:53]} {[%emt 00:05:51]} 9. bxc4
{[%clk 01:23:14]} {[%emt 00:01:57]} a6 {[%clk 01:18:18]} {[%emt 00:02:05]} 10.
a3 {[%clk 01:18:12]} {[%emt 00:05:32]} cxd4 {[%clk 01:14:07]} {[%emt 00:04:41]}
11. exd4 {[%clk 01:17:21]} {[%emt 00:01:21]} Kh8 {[%clk 01:13:06]} {[%emt
00:01:30]} 12. Be3 {[%clk 01:14:16]} {[%emt 00:03:36]} Qa5 {[%clk 01:08:40]}
{[%emt 00:04:56]} 13. Qb3 {[%clk 01:08:36]} {[%emt 00:06:10]} Bd8 {[%clk
00:58:10]} {[%emt 00:11:00]} 14. Na4 {[%clk 01:05:00]} {[%emt 00:04:06]} Ng4
{[%clk 00:51:40]} {[%emt 00:07:00]} 15. c5 {[%clk 01:01:06]} {[%emt 00:04:24]}
Nxe3 {[%clk 00:48:35]} {[%emt 00:03:36]} 16. fxe3 {[%clk 01:01:26]} {[%emt
00:00:09]} Rb8 {[%clk 00:46:14]} {[%emt 00:02:50]} 17. Nb2 {[%clk 00:51:22]}
{[%emt 00:10:35]} Qc7 {[%clk 00:42:50]} {[%emt 00:03:54]} 18. Nc4 {[%clk
00:49:32]} {[%emt 00:02:20]} Na5 {[%clk 00:38:22]} {[%emt 00:04:58]} 19. Nxa5
{[%clk 00:49:41]} {[%emt 00:00:21]} Qxa5 {[%clk 00:38:37]} {[%emt 00:00:15]}
20. Ne5 {[%clk 00:48:59]} {[%emt 00:01:12]} Bf6 {[%clk 00:30:39]} {[%emt
00:08:27]} 21. Nc4 {[%clk 00:47:52]} {[%emt 00:01:38]} Qc7 {[%clk 00:28:33]}
{[%emt 00:02:35]} 22. Qd1 {[%clk 00:46:26]} {[%emt 00:01:56]} Qe7 {[%clk
00:22:10]} {[%emt 00:06:53]} 23. Nd6 {[%emt 00:07:39]} b6 {[%clk 00:19:22]}
{[%emt 00:01:08]} 24. Ne4 {[%clk 00:32:53]} {[%emt 00:09:05]} Bg5 {[%clk
00:17:58]} {[%emt 00:01:54]} 25. Qf3 {[%clk 00:29:38]} {[%emt 00:03:46]} Bb7
{[%clk 00:14:25]} {[%emt 00:04:01]} 26. Qh3 {[%clk 00:27:32]} {[%emt 00:02:37]}
Bxe4 {[%clk 00:12:55]} {[%emt 00:02:00]} 27. Bxe4 {[%clk 00:27:52]} {[%emt
00:00:10]} f5 {[%clk 00:13:01]} {[%emt 00:00:24]} 28. Bd3 {[%clk 00:24:58]}
{[%emt 00:03:23]} bxc5 {[%clk 00:12:24]} {[%emt 00:01:07]} 29. Bxa6 {[%clk
00:23:58]} {[%emt 00:01:29]} Ra8 {[%clk 00:11:46]} {[%emt 00:01:08]} 30. Bb5
{[%clk 00:21:47]} {[%emt 00:02:42]} Bf6 {[%clk 00:11:01]} {[%emt 00:01:15]} 31.
a4 {[%clk 00:16:41]} {[%emt 00:05:36]} cxd4 {[%clk 00:10:31]} {[%emt 00:01:00]}
32. Rad1 {[%clk 00:16:00]} {[%emt 00:01:12]} Qc5 {[%clk 00:08:50]} {[%emt
00:02:10]} 33. Rc1 {[%clk 00:14:37]} {[%emt 00:01:53]} Qa3 {[%clk 00:08:16]}
{[%emt 00:01:04]} 34. Rc6 {[%clk 00:12:53]} {[%emt 00:02:15]} Qxe3+ {[%clk
00:05:47]} {[%emt 00:02:58]} 35. Qxe3 {[%clk 00:12:59]} {[%emt 00:00:24]} dxe3
{[%clk 00:06:10]} {[%emt 00:00:07]} 36. Rxe6 {[%clk 00:12:05]} {[%emt
00:01:25]} Bd4 {[%clk 00:06:23]} {[%emt 00:00:15]} 37. Rd1 {[%clk 00:09:00]}
{[%emt 00:03:35]} Bc5 {[%clk 00:05:30]} {[%emt 00:01:23]} 38. Rd5 {[%clk
00:06:07]} {[%emt 00:03:23]} Rf6 {[%clk 00:02:19]} {[%emt 00:03:41]} 39. Ree5
{[%clk 00:04:15]} {[%emt 00:02:22]} Bb6 {[%clk 00:02:02]} {[%emt 00:00:46]} 40.
Kf1 {[%clk 00:04:01]} {[%emt 00:00:46]} f4 {[%clk 00:01:40]} {[%emt 00:00:52]}
41. Ke2 {[%clk 00:26:39]} {[%emt 00:07:51]} h6 {[%clk 00:29:08]} {[%emt
00:03:02]} 42. Re7 {[%clk 00:25:35]} {[%emt 00:01:34]} Rg6 {[%clk 00:22:02]}
{[%emt 00:07:36]} 43. Kf3 {[%clk 00:24:30]} {[%emt 00:01:35]} Rf8 {[%clk
00:20:54]} {[%emt 00:01:38]} 44. Bd3 {[%clk 00:19:55]} {[%emt 00:05:05]} Rg5
{[%clk 00:17:51]} {[%emt 00:03:33]} 45. Rdd7 {[%clk 00:17:54]} {[%emt
00:02:31]} Bc5 {[%clk 00:11:08]} {[%emt 00:07:12]} 46. Rf7 {[%clk 00:17:13]}
{[%emt 00:01:11]} Rxf7 {[%clk 00:10:40]} {[%emt 00:00:58]} 47. Rxf7 {[%clk
00:16:24]} {[%emt 00:01:20]} Rd5 {[%clk 00:09:26]} {[%emt 00:01:44]} 48. Bg6
{[%clk 00:13:05]} {[%emt 00:03:50]} Rd1 {[%clk 00:07:02]} {[%emt 00:02:52]} 49.
Rc7 {[%clk 00:10:55]} {[%emt 00:02:40]} Rf1+ {[%clk 00:05:16]} {[%emt
00:02:17]} 50. Kg4 {[%clk 00:06:18]} {[%emt 00:05:07]} Bf8 {[%clk 00:05:25]}
{[%emt 00:00:21]} 51. Rc8 {[%clk 00:06:01]} {[%emt 00:00:47]} Kg8 {[%clk
00:05:37]} {[%emt 00:00:18]} 52. Bd3 {[%clk 00:06:04]} {[%emt 00:00:28]} Rf2
{[%clk 00:03:22]} {[%emt 00:02:45]} 53. Bc4+ {[%clk 00:06:21]} {[%emt
00:00:12]} Kh7 {[%clk 00:03:13]} {[%emt 00:00:39]} 54. Rxf8 {[%clk 00:06:22]}
{[%emt 00:00:29]} Rxg2+ {[%clk 00:03:27]} {[%emt 00:00:17]} 55. Kf5 {[%clk
00:02:37]} {[%emt 00:04:15]} g6+ {[%clk 00:00:58]} {[%emt 00:02:59]} 56. Kf6
{[%clk 00:02:57]} {[%emt 00:00:10]} Rg5 {[%clk 00:00:51]} {[%emt 00:00:36]} 57.
Bg8+ {[%clk 00:01:46]} {[%emt 00:01:41]} Kh8 {[%clk 00:01:16]} {[%emt
00:00:06]} 58. Be6+ {[%clk 00:01:18]} {[%emt 00:00:58]} Kh7 {[%clk 00:01:39]}
{[%emt 00:00:07]} 59. Rf7+ {[%clk 00:01:18]} {[%emt 00:00:30]} Kh8 {[%clk
00:01:53]} {[%emt 00:00:17]} 60. Rf8+ {[%clk 00:00:36]} {[%emt 00:01:12]} Kh7
{[%clk 00:02:17]} {[%emt 00:00:07]} 61. Bg8+ {[%clk 00:00:44]} {[%emt
00:00:21]} Kh8 {[%clk 00:02:43]} {[%emt 00:00:04]} 62. Be6+ {[%clk 00:00:40]}
{[%emt 00:00:34]} Kh7 {[%clk 00:03:03]} {[%emt 00:00:09]} 63. Rf7+ {[%clk
00:00:34]} {[%emt 00:00:36]} Kh8 {[%clk 00:03:23]} {[%emt 00:00:12]} 64. Rf8+
{[%emt 00:00:44]} Kh7 {[%clk 00:01:35]} 1/2-1/2

[Event "DVM U20 2023"]
[Site "Magdeburg GER"]
[Date "2023.12.28"]
[Round "3"]
[White "Geltz, Noah"]
[Black "Pikalow, Michael"]
[Result "1/2-1/2"]
[Termination "normal"]
[Board "7.1"]
[WhiteElo "2166"]
[BlackElo "2083"]
[WhiteClock "00:27:47"]
[BlackClock "00:29:22"]
[WhiteTeam "SF HN-Biberach 1978"]
[BlackTeam "USC Magdeburg"]
[PlyCount "45"]
[WhiteFideId "16224256"]
[BlackFideId "16227638"]
[EventCountry "GER"]
[EventRounds "7"]
[EventType "team-swiss"]
[EventDate "2023.12.26"]

1. d4 {[%clk 01:30:50]} {[%emt 00:00:09]} c5 {[%clk 01:29:43]} {[%emt
00:01:18]} 2. d5 {[%clk 01:31:04]} {[%emt 00:00:16]} Nf6 {[%clk 01:29:48]}
{[%emt 00:00:24]} 3. Nc3 {[%clk 01:30:58]} {[%emt 00:00:36]} d6 {[%clk
01:30:14]} {[%emt 00:00:06]} 4. e4 {[%clk 01:30:33]} {[%emt 00:00:53]} g6
{[%clk 01:30:01]} {[%emt 00:00:43]} 5. Bc4 {[%clk 01:29:24]} {[%emt 00:01:39]}
Bg7 {[%clk 01:28:31]} {[%emt 00:02:00]} 6. Nf3 {[%clk 01:29:48]} {[%emt
00:00:07]} O-O {[%clk 01:25:28]} {[%emt 00:03:32]} 7. O-O {[%clk 01:29:02]}
{[%emt 00:01:16]} Bd7 {[%clk 01:20:30]} {[%emt 00:05:28]} 8. h3 {[%clk
01:23:47]} {[%emt 00:05:45]} b5 {[%clk 01:14:55]} {[%emt 00:06:06]} 9. Nxb5
{[%clk 01:23:58]} {[%emt 00:00:19]} Nxe4 {[%clk 01:14:58]} {[%emt 00:00:27]}
10. Re1 {[%clk 01:22:39]} {[%emt 00:01:50]} a6 {[%clk 01:15:10]} {[%emt
00:00:17]} 11. Na3 {[%clk 01:20:05]} {[%emt 00:03:03]} Nf6 {[%clk 01:14:10]}
{[%emt 00:01:30]} 12. c3 {[%clk 01:12:20]} {[%emt 00:08:16]} Re8 {[%clk
01:11:56]} {[%emt 00:02:43]} 13. Nc2 {[%clk 00:57:39]} {[%emt 00:15:12]} Ba4
{[%clk 01:00:00]} {[%emt 00:12:25]} 14. Bb3 {[%clk 00:52:27]} {[%emt 00:05:42]}
Bxb3 {[%clk 00:51:12]} {[%emt 00:09:19]} 15. axb3 {[%clk 00:52:52]} {[%emt
00:00:05]} Nbd7 {[%clk 00:51:05]} {[%emt 00:00:36]} 16. Bg5 {[%clk 00:51:23]}
{[%emt 00:01:58]} Qb6 {[%clk 00:49:37]} {[%emt 00:01:58]} 17. Bxf6 {[%clk
00:46:18]} {[%emt 00:05:37]} Nxf6 {[%clk 00:47:04]} {[%emt 00:03:02]} 18. Ne3
{[%clk 00:44:56]} {[%emt 00:01:52]} Qb7 {[%clk 00:42:30]} {[%emt 00:05:04]} 19.
Nd2 {[%clk 00:37:53]} {[%emt 00:07:33]} Rab8 {[%clk 00:33:33]} {[%emt
00:09:27]} 20. Ndc4 {[%clk 00:35:14]} {[%emt 00:03:09]} Qxb3 {[%clk 00:31:51]}
{[%emt 00:02:12]} 21. Rxa6 {[%clk 00:30:02]} {[%emt 00:05:41]} Qxd1 {[%clk
00:30:12]} {[%emt 00:02:09]} 22. Rxd1 {[%clk 00:30:23]} {[%emt 00:00:09]} Ra8
{[%clk 00:29:22]} {[%emt 00:01:20]} 23. Rda1 {[%clk 00:27:47]} {[%emt
00:03:06]} 1/2-1/2

[Event "DVM U20 2023"]
[Site "Magdeburg GER"]
[Date "2023.12.28"]
[Round "3"]
[White "Schiffner, Robin"]
[Black "Triantafillidis, Simeon"]
[Result "0-1"]
[Termination "normal"]
[Board "7.2"]
[WhiteElo "1588"]
[BlackElo "2026"]
[WhiteClock "00:07:06"]
[BlackClock "00:03:09"]
[WhiteTeam "USC Magdeburg"]
[BlackTeam "SF HN-Biberach 1978"]
[PlyCount "78"]
[WhiteFideId "16210328"]
[BlackFideId "12953113"]
[EventCountry "GER"]
[EventRounds "7"]
[EventType "team-swiss"]
[EventDate "2023.12.26"]

1. e4 {[%clk 01:30:57]} {[%emt 00:00:03]} e5 {[%clk 01:30:53]} {[%emt
00:00:07]} 2. Nf3 {[%clk 01:31:21]} {[%emt 00:00:06]} Nc6 {[%clk 01:31:18]}
{[%emt 00:00:04]} 3. Bb5 {[%clk 01:31:44]} {[%emt 00:00:07]} g6 {[%clk
01:31:42]} {[%emt 00:00:06]} 4. O-O {[%clk 01:30:46]} {[%emt 00:01:28]} Bg7
{[%clk 01:32:04]} {[%emt 00:00:07]} 5. c3 {[%clk 01:30:43]} {[%emt 00:00:32]}
a6 {[%clk 01:32:06]} {[%emt 00:00:29]} 6. Ba4 {[%clk 01:31:02]} {[%emt
00:00:11]} d6 {[%clk 01:32:30]} {[%emt 00:00:06]} 7. h3 {[%clk 01:30:57]}
{[%emt 00:00:35]} Nge7 {[%clk 01:31:43]} {[%emt 00:01:16]} 8. d4 {[%clk
01:30:11]} {[%emt 00:01:17]} Bd7 {[%clk 01:31:55]} {[%emt 00:00:18]} 9. Bg5
{[%clk 01:28:12]} {[%emt 00:02:28]} h6 {[%clk 01:23:50]} {[%emt 00:08:36]} 10.
Bh4 {[%clk 01:26:34]} {[%emt 00:02:08]} g5 {[%clk 01:13:49]} {[%emt 00:10:32]}
11. Bg3 {[%clk 01:26:21]} {[%emt 00:00:39]} Ng6 {[%clk 01:11:36]} {[%emt
00:02:45]} 12. Bb3 {[%clk 01:20:59]} {[%emt 00:05:52]} O-O {[%clk 01:09:15]}
{[%emt 00:02:53]} 13. Na3 {[%clk 01:15:45]} {[%emt 00:05:42]} Kh8 {[%clk
01:05:10]} {[%emt 00:04:36]} 14. Nc4 {[%clk 01:10:45]} {[%emt 00:05:27]} Qe7
{[%clk 00:54:48]} {[%emt 00:10:54]} 15. Bc2 {[%clk 01:04:14]} {[%emt 00:07:02]}
Nf4 {[%clk 00:20:05]} {[%emt 00:35:15]} 16. Ne3 {[%clk 00:54:30]} {[%emt
00:10:13]} Rae8 {[%clk 00:18:20]} {[%emt 00:02:16]} 17. Nd5 {[%clk 00:47:44]}
{[%emt 00:07:14]} Qd8 {[%clk 00:17:31]} {[%emt 00:01:19]} 18. Re1 {[%clk
00:37:39]} {[%emt 00:10:34]} Ne7 {[%clk 00:16:23]} {[%emt 00:01:39]} 19. Nxf4
{[%clk 00:35:15]} {[%emt 00:02:55]} exf4 {[%clk 00:16:42]} {[%emt 00:00:11]}
20. Bh2 {[%clk 00:35:37]} {[%emt 00:00:08]} f5 {[%clk 00:12:06]} {[%emt
00:05:06]} 21. e5 {[%clk 00:33:23]} {[%emt 00:02:43]} Ng6 {[%clk 00:09:42]}
{[%emt 00:02:54]} 22. exd6 {[%clk 00:32:38]} {[%emt 00:01:15]} cxd6 {[%clk
00:10:11]} {[%emt 00:00:01]} 23. Qd2 {[%clk 00:30:29]} {[%emt 00:02:39]} Qf6
{[%clk 00:09:24]} {[%emt 00:01:18]} 24. Rxe8 {[%clk 00:29:36]} {[%emt
00:01:22]} Rxe8 {[%clk 00:09:53]} {[%emt 00:00:03]} 25. Re1 {[%clk 00:29:51]}
{[%emt 00:00:14]} Rg8 {[%clk 00:10:04]} {[%emt 00:00:19]} 26. Bb3 {[%clk
00:25:49]} {[%emt 00:04:31]} Rf8 {[%clk 00:10:18]} {[%emt 00:00:19]} 27. d5
{[%clk 00:25:42]} {[%emt 00:00:36]} g4 {[%clk 00:04:50]} {[%emt 00:05:58]} 28.
hxg4 {[%clk 00:25:03]} {[%emt 00:01:10]} fxg4 {[%clk 00:05:19]} {[%emt
00:00:01]} 29. Nd4 {[%clk 00:25:09]} {[%emt 00:00:23]} Ne5 {[%clk 00:02:47]}
{[%emt 00:03:02]} 30. Ne6 {[%clk 00:20:57]} {[%emt 00:04:41]} Bxe6 {[%clk
00:03:02]} {[%emt 00:00:16]} 31. dxe6 {[%clk 00:21:19]} {[%emt 00:00:08]} f3
{[%clk 00:03:23]} {[%emt 00:00:10]} 32. Bxe5 {[%clk 00:19:36]} {[%emt
00:02:12]} dxe5 {[%clk 00:03:49]} {[%emt 00:00:04]} 33. Qe3 {[%clk 00:13:53]}
{[%emt 00:06:11]} Qh4 {[%clk 00:03:03]} {[%emt 00:01:20]} 34. Qc5 {[%clk
00:11:36]} {[%emt 00:02:43]} fxg2 {[%clk 00:02:40]} {[%emt 00:00:55]} 35. Kxg2
{[%clk 00:11:50]} {[%emt 00:00:15]} Qh3+ {[%clk 00:02:39]} {[%emt 00:00:32]}
36. Kg1 {[%clk 00:12:02]} {[%emt 00:00:16]} g3 {[%clk 00:02:28]} {[%emt
00:00:42]} 37. e7 {[%clk 00:06:24]} {[%emt 00:06:07]} Qh2+ {[%clk 00:02:48]}
{[%emt 00:00:11]} 38. Kf1 {[%clk 00:06:44]} {[%emt 00:00:09]} Rxf2+ {[%clk
00:03:12]} {[%emt 00:00:07]} 39. Qxf2 {[%clk 00:07:06]} {[%emt 00:00:08]} Qxf2#
{[%clk 00:03:09]} {[%emt 00:00:03]} 0-1